|
|
|
|
| LEADER |
00000nam a22000007i 4500 |
| 001 |
IT\ICCU\UBO\2297012 |
| 003 |
ItRI |
| 005 |
20260115231826.0 |
| 008 |
030919s1983 xxk|||||| ||||| |||||c |
| 020 |
|
|
|a 0907040241 (pbk)
|
| 020 |
|
|
|a 0907040284
|
| 040 |
|
|
|b ita
|c importazione bologna sebina
|
| 041 |
|
7 |
|a eng
|2 ISO-639-2
|
| 100 |
1 |
|
|a Wakefield, Tom
|0 IT\ICCU\UBOV\830632
|4 aut
|
| 245 |
1 |
0 |
|a Mates /
|c Tom Wakefield.
|
| 260 |
|
|
|a London :
|b GMP,
|c 1983
|
| 300 |
|
|
|a 141 p. ;
|c 22 cm.
|
| 942 |
|
|
|2 ddc
|c BK
|n 0
|
| 952 |
|
|
|0 0
|1 0
|4 0
|6 DOC_823_914000000000000_WAK
|7 0
|9 13620
|a BO
|b BO
|d 2026-01-15
|i 3447
|l 0
|o DOC 823.914 WAK
|p BO3447
|r 2026-01-15 23:18:26
|w 2026-01-15
|x [Sebina 5] [1 v.]
|y BK
|z 1 v.
|
| 999 |
|
|
|c 11714
|d 11714
|